| 000 | 01867nam0a2200349 4500 | ||
|---|---|---|---|
| 001 | RU\NLR\BIBL_A\022667722 | ||
| 005 | 20260407112151.0 | ||
| 010 |
_a978-5-04-228314-7 _94000 |
||
| 035 | _a(NLR Aleph) 022667722 | ||
| 090 |
_a13507034 _c13507034 |
||
| 100 | _a20251118d2025 u y0rusy50 ca | ||
| 101 | 0 | _arus | |
| 102 | _aRU | ||
| 105 | _aa n 000yy | ||
| 181 | 0 |
_ai3 _baxxe |
|
| 182 | 0 | _an | |
| 200 | 1 |
_aНовый административный регламент ГИБДД _eутвержден приказом Министерства внутренних дел Российской Федерации от 23 августа 2017 г. № 664 _e[зарегистрировано в Минюсте Росии 30 июня 2023 г. № 74087] _eпо состоянию на 2026 год _f[Министерство внутренних дел Российской Федерации] |
|
| 203 |
_aТекст _bвизуальный _cнепосредственный |
||
| 205 | _aОфиц. изд. | ||
| 210 |
_aМосква _cЭксмо _d2025 |
||
| 215 |
_a79, [1] с. _cил. _d20 |
||
| 225 | 1 | _aЗаконы и кодексы | |
| 333 | _a0+ | ||
| 601 | 0 | 2 |
_aГосударственная инспекция безопасности дорожного движения _xАдминистративные регламенты _92389397 _3RU\NLR\AUTH\6601645504 |
| 686 | 1 | _aХ621.145.310.41 | |
| 711 | 0 | 1 |
_aРоссийская Федерация _bГосударственная инспекция безопасности дорожного движения _3RU\NLR\AUTH\8810023722 _9545470 |
| 712 | 0 | 1 |
_4570 _aРоссийская Федерация _bМинистерство внутренних дел _3RU\NLR\AUTH\889940339 _9375515 |
| 942 | _cBOOK | ||
| 980 | _aNB | ||